000 00609nam a2200229Ia 4500
003 OSt
005 20221007064229.0
006 a|||||r|||| 00| 0
007 ta
008 221006b |||||||| |||| 00| 0 eng d
024 _a9,006
037 _cTextual
040 _aFLL
_cFLL
_beng
041 _2eng
_aeng
082 _aX62:Z2, N7.1
100 _aTannan M.L. Au.
245 0 _aBanking law and practice in india
260 _aConnaught
_bplace India law house India
_c1997
300 _a1264p
_ccm.
942 _hX62:Z2, N7.1
_cTEXL
_2CC
999 _c1133332
_d1133332